000 00358 a2200109 4500
001 ART_24063
005 20260410161934.0
008 260409a
245 1 0 _aDinámica de la distribución del ingreso
100 1 _aOlivera, Julio H.G.
773 0 _tRevista de Economía Política de Buenos Aires
_g- Año 2, Vol. 3/4 (nov. 2008)
_wREV23982
999 _c28829
_d28829